Tuyển tập báo cáo khoa học hội nghị khoa học toàn quốc lần thứ nhất về sự cố công trình và các nguyên nhân

Uloženo v:
Podrobná bibliografie
Hlavní autor: Viện KHCNXD
Médium: Kniha
Jazyk:Undetermined
Vydáno: H. Xây dựng 2001
Témata:
Tagy: Přidat tag
Žádné tagy, Buďte první, kdo otaguje tento záznam!
Thư viện lưu trữ: Trung tâm Học liệu Trường Đại học Cần Thơ
LEADER 00636nam a2200193Ia 4500
001 CTU_49857
008 210402s9999 xx 000 0 und d
082 |a 690.24 
082 |b V305 
100 |a Viện KHCNXD 
245 0 |a Tuyển tập báo cáo khoa học hội nghị khoa học toàn quốc lần thứ nhất về sự cố công trình và các nguyên nhân 
245 0 |c Viện KHCNXD 
260 |a H. 
260 |b Xây dựng 
260 |c 2001 
650 |a buildings 
650 |x maintenance and repair 
904 |i Minh 
980 |a Trung tâm Học liệu Trường Đại học Cần Thơ